000 00829nas a2200241 4500
001 BR9501891
003 BR-BrBNA
005 20231205093937.0
007 ta
008 230509b bl.|||p| |||| 00| 00por d
040 _aBR-BrBNA
_bpor
_cBiblioteca Nacional de Agricultura
041 _a(Pt)
072 _aL72
100 1 _aMachado, M.P.
100 1 _aRibeiro, V.L.S.
245 1 _aOcorrencia de Riccardoella limacum (Schrank, 1776)(Acari, Ereynetidae)em criacoes de Helix aspersa Muller 1774, no Rio Grande do Sul
650 _aEscargot
650 _aAcaro
650 _aRio Grande do Sul
773 0 _tArquivos da Faculdade de Veterinaria da Universidade Federal do Rio Grande do Sul (Brazil)
_xISSN 0101-5230
_g(1992), v. 20 p. 197-208
_wBR9501891
909 _a202311
_bLúcia
_c55
_dLúcia Elande
942 _2AGRIS
_n0
_cANA
999 _c141219
_d141219